Gry po głównym bohaterze - Statystyki

Ogólne statystyki
  • Ten quiz został rozwiązany 5 973 razy
  • Średni wynik to 6 z 15
Statystyki odpowiedzi
Hint Odpowiedź % Poprawnych
Geralt z Rivii Wiedźmin
95%
Kratos God of War
85%
Carl Johnson Grand theft auto: San Andreas
79%
Nathan Drake Uncharted
74%
Ezio Auditore da Firenze Assassin's Creed 2
64%
Alex Hunter Fifa
52%
Gordon Freeman Half-Life
50%
Leo i Vincent a Way Out
37%
Dante Devil May Cry
32%
Rico Rodriguez Just Cause
24%
Corvo Attano Dishonored
21%
Adam Jensen Deus Ex
13%
Faith Connors Mirror's Edge
12%
Kurier Fallout: New Vegas
8%
Jake Dunn Crysis
3%
Nie znaleziono quizów pasujących do podanych kryteriów
Rozkład punktacji
Procent ludzi z każdym wynikiem
Percentyl według liczby udzielonych odpowiedzi
Twoja historia wyników
Nie rozwiązałeś tego quizu